Регионална библиотека "Любен Каравелов" - Русе

Безопасно движение по пътищата (Запис номер 60157)

MARC детайли
000 -Лидер
Контролно поле с фиксирана дължина 01515nam a2200337 c 4500
003 - Код на организацията, давaща контролен номер
Контролно поле BLK
005 - Дата и час на последна редакция
Контролно поле 20231104160030.0
008 - Елементи от данни с фиксирана дължина
fixed length control field 180408b bul|||||r ||||||| ||bul||
010 ## - Наследен системен номер
LC control number KNG00064294000
040 ## - Източник на каталожния запис
Идентификатор на билиотеката - собственик на записа BLK
041 ## - Код за език
Код за езика на текст/звукозапис или на отделно заглавие Български
Код за езика КДБФ Български
080 ## - УДК
Текстов определител УДК Улично и пътно движение. Безопасност на движението
УДК код - определител по УДК 656.11
УДК определител (075.3)
УДК - код + определител 656.11(075.3)
100 1# - Редна дума - Автор
Автор Павлов, Ангел И.
Авторска отговорност първи автор
R(LIN) 289684
139 ## - Редно поле
Редна дума Безопасно движение по пътищата
Авторски знак Без - Б 32
245 10 - Сведения за заглавието
Заглавие Безопасно движение по пътищата
Подзаглавни данни Учебник за ЕСПУ, СПТУ и курсовете за подготовка на водачи на МПС
Редно поле (дума) Ангел И. Павлов.
257 ## - Страна на издаване
Страна на създаване/издаване България
260 ## - Област на издателските данни
Име на издателя, разпространителя и проч. Техника
Година на издаване 1983
Печатница Враца : В. Александров
Място на издаване, разпространение и проч. София
300 ## - Физическа характеристика
Страници 351 с.
Илюстрации и др. със сх., табл., ил.
Размери/Мащаб 22 см
380 ## - Жанр
Жанр Техника
500 ## - Общи забележки
Забележка Други авт. В. С. Пенчев, Хр. А. Запрянов, Л. Б. Христов. - 30 000 тир. - Библиогр. с. 347.
650 #4 - Допълнително описание по предмет – тема
Основно описание – тема или топоним Автомобилен транспорт - безопасност на движението
9 (RLIN) 259855
653 ## - Ключова дума – ненормативна
Ключова дума транспорт
653 ## - Ключова дума – ненормативна
Ключова дума безопасност на движението
852 ## - Местоположение
Форматна сигнатура Цб 122509
856 4# - Електронен адрес и достъп
Електронен формат pdf - файл
856 4# - Електронен адрес и достъп
Електронен формат pdf - файл
999 ## - СИСТЕМНИ КОНТРОЛНИ НОМЕРА
Koha biblionumber 60157
Koha biblioitemnumber 60157
942 ## - АРТИКУЛИ
Вид на библиотечния материал Книги
Скрит в OPAC Не
Периодичен библиозапис Да
Koha issues (borrowed), all copies 1
944 ## - СЪЗДАВАНЕ И РЕДАКЦИЯ на ЗАПИСА
Създаване/Редакция Създаване
Дата на регистрацията/редакция 13.06.2004
Служител, извършил регистрацията/редакцията 30563
Статус, дата на статуса Ивелин Русев
944 ## - СЪЗДАВАНЕ И РЕДАКЦИЯ на ЗАПИСА
Създаване/Редакция Редакция
Дата на регистрацията/редакция 29.05.2012
999 ## - СИСТЕМНИ КОНТРОЛНИ НОМЕРА
Koha biblioitemnumber 60157
Наличности
Код за отписване Код за изгубен артикул Код за повреда Коз за рестрикции Код за отдаване Артикулен № Име на библиотеката - собственик Име на библиотеката, в която се намира в момента Статус (Текущо местоположение) Дата на вписване в системата Местоположение - отдел Цена в лева Инвентарен номер Систематично азбучна сигнатура Баркод Номер на екземпляра Цена в евро Служебна бележка Служебен тип на артикула Бележка за публиката Източник на класификационната схема
Изтеглен Не е изгубен Не е повреден без рестрикции ползва се в читалня 98924 Регионална библиотека "Любен Каравелов" Русе Регионална библиотека "Любен Каравелов" Русе   1983-01-01 Читалня 1.11 413911 Ч 656.1/.5/Б 32 413911 1 0.57 N: стар фонд Дата: 01.01.1983 Дата инв: 16.06.2010 Бележки инв: 2010 Книги Отч.N: 52/17 , Дата: 12.10.2017  
  Не е изгубен Не е повреден без рестрикции ползва се в читалня 98925 Регионална библиотека "Любен Каравелов" Русе Регионална библиотека "Любен Каравелов" Русе Хранилище 1983-01-01 Хранилище 1.11 381954 Цб 122509 900000017894 2 0.57 N: стар фонд Дата: 01.01.1983 Книги   Universal Decimal Classification
Изтеглен Не е изгубен Не е повреден без рестрикции заемане за дома 98926 Регионална библиотека "Любен Каравелов" Русе Регионална библиотека "Любен Каравелов" Русе Заемна - подръчен фонд 1983-01-01 Заемна - подръчен фонд 1.11 413906 П 656.1/Б 32 413906 3 0.57 N: стар фонд Дата: 01.01.1983 Книги   Universal Decimal Classification
Изтеглен Не е изгубен Не е повреден без рестрикции заемане за дома 98927 Регионална библиотека "Любен Каравелов" Русе Регионална библиотека "Любен Каравелов" Русе Заемна - подръчен фонд 1983-01-01 Заемна - подръчен фонд 1.11 413907 П 656.1/Б 32 413907 4 0.57 N: стар фонд Дата: 01.01.1983 Книги   Universal Decimal Classification
Изтеглен Не е изгубен Не е повреден без рестрикции заемане за дома 98928 Регионална библиотека "Любен Каравелов" Русе Регионална библиотека "Любен Каравелов" Русе Заемна - подръчен фонд 1983-01-01 Заемна - подръчен фонд 1.11 413909 П 656.1/Б 32 413909 5 0.57 N: стар фонд Дата: 01.01.1983 Книги   Universal Decimal Classification
Vip Innovations Ltd, Rousse, Bulgaria 2025